000 00563nam a22002177a 4500
003 BUBTL
008 160831b xxu||||| |||| 00| 0 eng d
020 _a978-81-2652764-9
082 _a536.7INF
100 _9822
_aIncropera,Frank P.
245 _aFundamentals of Heat and Mass Transfer
250 _a6th
260 _aIndia
_bWiley
_cc2007
300 _a[xxv],925p.
_bills.
_c24cm.
650 0 _9167
_aPhysics
700 _9823
_aIncropera,Frank P.
760 _b6th
856 _k0
_l0
_yDownload
942 _2ddc
_cBK
999 _c5341
_d5341